LEADER 01081nam--2200361---450- 001 990005807580203316 005 20130213134729.0 010 $a88-17-00952-0 035 $a000580758 035 $aUSA01000580758 035 $a(ALEPH)000580758USA01 035 $a000580758 100 $a20130213d2006----km-y0itay50------ba 101 0 $aita 102 $aIT 105 $a||||||||001yy 200 1 $aDeandreide$estorie e personaggi di Fabrizio De André in quattordici racconti di scrittori italiani$fa cura di Giorgio Vasta 210 $aMilano$cBUR$d2006 215 $a261 p.$d20 cm 225 2 $aBUR$iScrittori contemporanei original 410 0$12001$aBUR$iScrittori contemporanei original 606 0 $2BNCF 676 $a853.91408 702 1$aVASTA,$bGiorgio 801 0$aIT$bsalbc$gISBD 912 $a990005807580203316 951 $aVI.3.F. 323$b4826 L.G.$cVI.3.F.$d00313379 959 $aBK 969 $aUMA 979 $aPASSARO$b90$c20130213$lUSA01$h1344 979 $aPASSARO$b90$c20130213$lUSA01$h1347 996 $aDeandreide$91089474 997 $aUNISA LEADER 01196nam a2200313 i 4500 001 991001871669707536 005 20020508183107.0 008 990324s1987 fr ||| | fre 020 $a2251000283 035 $ab10925259-39ule_inst 035 $aPARLA150276$9ExL 040 $aDip.to Scienze dell'Antichità$bita 041 1 $afre$agrc$hgrc 100 0 $aAristophanes$0602827 245 14$aLes acharniens; Les cavaliers ; Les Nuées /$cAristophane ; texte établi par Victor Coulon et traduit par Hilaire Van Daele 250 $a12. tirage revu et corrigé 260 $aParis :$bLes Belles Lettres,$c1987 300 $apagin. varia ;$c20 cm. 490 0 $aCollection des Universités de France.$aSérie grecque 546 $aTesto greco a fronte 700 1 $aDaele, Hilaire :$cvan 740 4 $aLes cavaliers 740 4 $aLes nuées 907 $a.b10925259$b10-05-18$c28-06-02 912 $a991001871669707536 945 $aLE007 I Coll. 3 Aristhopanes 01$g1$i2015000034663$lle007$o-$pE0.00$q-$rn$so $t0$u0$v0$w0$x0$y.i11029341$z28-06-02 996 $aAcharniens; Les cavaliers ; Les Nuées$93371194 997 $aUNISALENTO 998 $ale007$b01-01-99$cm$da $e-$ffre$gfr $h4$i1